Sports Quiz

Random Sports or Football Quiz

Name all the 1980's New York Yankees? Quiz Stats

Quiz not verified by Sporcle

Challenge
Share
Tweet
Embed
Score 0/213 Timer 20:00
0 Plays Today
Position Player % Correct
1B-OFDon Mattingly
95.9%
OF-DHDave Winfield
93.2%
PRon Guidry
92.2%
2BWillie Randolph
91.8%
MGRBilly Martin
90.2%
PTommy John
89.9%
OF-DHReggie Jackson
89.3%
OFRickey Henderson
88.4%
3BGraig Nettles
87%
PDave Righetti
86.7%
SS-MGRBucky Dent
84.3%
CRick Cerone
83.5%
OF-MGRLou Piniella
83.4%
MGRYogi Berra
82.5%
3B-SSDale Berra
82.4%
3BMike Pagliarulo
81.9%
PRich Gossage
80%
2BSteve Sax
76.2%
OF-1B-DHDon Baylor
74.5%
CButch Wynegar
74.3%
1B-DHSteve Balboni
73.1%
PPhil Niekro
72.6%
PJoe Niekro
72.4%
OFRuppert Jones
72.3%
PJimmy Jones
72%
OF-1B-DHKen Griffey
71.9%
PRon Davis
71.3%
OFRoberto Kelly
70.2%
MGRDallas Green
69.4%
OF-DHJesse Barfield
67.8%
PHChris Chambliss
66.5%
MGRBob Lemon
65.1%
OFMel Hall
64.2%
SS-3B-2BRoy Smalley
64.2%
OFClaudell Washington
63.2%
PRudy May
62.7%
OF-DHBobby Murcer
61.9%
1B-DHKen Phelps
61.5%
2B-SS-3BBob Meacham
61.3%
CJuan Espino
61.2%
OF-DHSteve Kemp
60.3%
SS-2B-3BAndre Robertson
60%
1B-DHBob Watson
60%
MGRClyde King
59.6%
PRick Rhoden
59.1%
MGRGene Michael
59%
OFBobby Brown
58.9%
PCurt Brown
58.6%
OFOscar Gamble
58.6%
SSKeith Smith
58%
OFJerry Mumphrey
57.9%
SS-2B-3BFred Stanley
57.9%
OFJay Buhner
57.8%
PDennis Rasmussen
57.3%
MGRDick Howser
56.7%
OF-1B-DHDan Pasqua
56.2%
2B-SSAlvaro Espinoza
55.2%
OF-1B-DHJack Clark
55.1%
PNeil Allen
54.5%
3B-2B-1BAurelio Rodriguez
53.2%
2BEdwin Rodriguez
53.2%
SS-3B-2BWayne Tolleson
52.6%
PEd Whitson
52.5%
PDoug Drabek
52.4%
PAndy Hawkins
52.4%
CBob Geren
51.7%
SSRafael Santana
51.7%
3B-2B-OFToby Harrah
51.1%
CRon Hassey
51%
OFDeion Sanders
50.8%
CJoel Skinner
49.9%
Position Player % Correct
1B-OFDave Collins
49.2%
OF-1B-DHGary Ward
49.1%
OF-DHMike Easler
49%
OFOmar Moreno
49%
2B-SS-3BPaul Zuvella
48.9%
PGaylord Perry
47.8%
1BJim Spencer
47.3%
OFLuis Polonia
46.1%
PAl Leiter
45.8%
2B-3B-SSRandy Velarde
45.8%
OF-DHRon Kittle
45.6%
PLuis Tiant
44.9%
2B-SS-3BBrian Doyle
44.5%
PEric Plunk
44.5%
CDon Slaught
43.7%
PJose Rijo
42.5%
PJohn Candelaria
41.5%
1B-DHJohn Mayberry
40%
PDoyle Alexander
39.6%
PCecilio Guante
39.4%
PGeorge Frazier
39.2%
OFHenry Cotto
39%
PJohn Montefusco
38.5%
PEd Figueroa
38.4%
PDave LaPoint
37.9%
PShane Rawley
37.9%
PJoe Cowley
37.5%
3BMike Blowers
37.3%
PJay Howell
36.6%
PGene Nelson
36.4%
PLee Guetterman
36.3%
PCharles Hudson
35.9%
1B-OF-DHLee Mazzilli
35.9%
3B-2B-SSTom Brookens
35.7%
PBob Shirley
35.6%
3BHensley Meulens
35.5%
PTom Underwood
35.5%
PGreg Cadaret
34.9%
PRichard Dotson
34.9%
3B-DHEric Soderholm
34.5%
2B-3BBert Campaneris
34.4%
1BDave Revering
34.4%
PBob Tewksbury
33.2%
PDale Murray
32.9%
PBrian Fisher
32.7%
OFPaul Blair
32.3%
PMike Morgan
32.3%
CBruce Robinson
32.2%
PSteve Trout
31.8%
PRick Reuschel
31.7%
PRod Scurry
31.7%
OF-1BHal Morris
31.1%
PClay Parker
30.9%
SS-2BRodney Scott
30.9%
SS-2BMike Fischlin
30.5%
1B-OF-CDennis Werth
30.5%
SS-2B-3BLarry Milbourne
30.3%
OFBrian Dayett
29.9%
CBrad Gulden
29.4%
3B-2BLeo Hernandez
29.3%
SS-2B-3BTim Foli
29.1%
PDave Eiland
28.6%
OF-1B-3BGary Roenicke
28.5%
3B-2B-SSLuis Aguayo
28.1%
PChuck Cary
28.1%
PBill Gullickson
27.6%
OFBilly Sample
27.5%
CBarry Foote
27.4%
CJohnny Oates
27.4%
LF-CPhil Lombardi
27.1%
OF-DHJose Cruz
26.7%
Position Player % Correct
CMark Salas
26.3%
PMike Griffin
25.9%
3B-2BLenn Sakata
25.8%
C-OFScott Bradley
25.5%
PBrad Arnsberg
25%
PTim Stoddard
24.8%
1B-DHButch Hobson
24.7%
PDave LaRoche
24.6%
PMatt Keough
24.4%
PHipolito Pena
24.2%
PRich Bordi
24%
PAl Holland
23.8%
PLance McCullers
23.5%
PRay Fontenot
22.7%
PJim Kaat
22.6%
OFJoe Lefebvre
21.7%
PMarty Bystrom
21.6%
PMike Armstrong
21.4%
3B-2B-SSJerry Royster
21.4%
PDoug Bird
21.1%
OFStan Javier
20.7%
2B-3BJuan Bonilla
20.5%
PAlfonso Pulido
20.4%
OFStan Jefferson
20.1%
OFOtis Nixon
20.1%
PDon Cooper
19.7%
2B-1B-SSRex Hudler
18.7%
PWalt Terrell
18.3%
PPat Clements
18.1%
PTim Lollar
17.9%
PDale Mohorcic
17.9%
C-3BMike O'Berry
17.9%
2BBryan Little
17.6%
2B-3B-SSBarry Evans
17.4%
CBobby Ramos
17.1%
PRoger Erickson
17%
PHKeith Hughes
16.6%
PScott Nielsen
16.5%
CJamie Quirk
16.4%
OFVictor Mata
16.3%
OFMike Patterson
16.3%
PPete Filson
15%
PJim Lewis
15%
PDave Wehrmeister
14.6%
1B-DHOrestes Destrade
14.2%
PJim Deshaies
14.1%
2BTucker Ashford
12.8%
SSIvan de Jesus
12.2%
OFBob Brower
11.8%
PJohn Pacella
11.8%
PClay Christiansen
11.6%
PSteve Shields
11.6%
PKevin Mmahat
11.5%
PAndy McGaffigan
11%
CBrian Dorsett
10.3%
OFMarcus Lawton
8.2%
3B-SS-OFJeff Moronko
7.6%
OFRowland Office
7.5%
1BMarshall Brant
7.1%
PLynn McGlothen
6.5%
PBill Castro
6.2%
PBob Davidson
6%
2BRoger Holt
5.9%
OFTed Wilborn
5.9%
PHDave Stegman
5.5%
2B-SSDennis Sherrill
5.4%
PStefan Wever
5.2%
PBill Fulton
4.5%
PDon Schulze
4.2%
PCurt Kaufman
3.7%
3BSteve Kiefer
3.7%

You're not logged in!

Compare scores with friends on all Sporcle quizzes.
Sign Up with Email
OR
Log In

You Might Also Like...

Show Comments

Extras

Top Quizzes Today


Score Distribution

Your Account Isn't Verified!

In order to create a playlist on Sporcle, you need to verify the email address you used during registration. Go to your Sporcle Settings to finish the process.

Report this User

Report this user for behavior that violates our Community Guidelines.

Details: